Castle
| Main Author: | |
|---|---|
| Format: | Book |
| Published: |
London :
HarperCollins Children's, ,
2008
|
| Series: | The seventh tower series
|
| Subjects: |
MARC
| LEADER | 00000cam a2200000 7i4500 | ||
|---|---|---|---|
| 001 | 0000029401 | ||
| 005 | 20100517.0 | ||
| 020 | |a 0439176832 | ||
| 090 | 0 | 0 | |a NIX |b ENG |
| 100 | 0 | |a Nix, Garth | |
| 245 | 1 | 0 | |a Castle |c Garth Nix |
| 260 | |a London : |b HarperCollins Children's, , |c 2008 | ||
| 300 | |a 233 p ; |c 20 cm. | ||
| 490 | 0 | |a The seventh tower series | |
| 500 | |||
| 500 | |a Formerly CIP | ||
| 650 | 0 | |a Children's stories | |
| 999 | |a 0001040024 |b Book |c Adult Collection |e Perbadanan Perpustakaan Awam Johor | ||